000 00744nam a2200265Ia 4500
003 OSt
005 20220918191731.0
006 a|||||r|||| 00| 0
007 ta
008 220917b |||||||| |||| 00| 0 eng d
024 _a64,834
037 _cTextual
040 _aARTS
_cARTS
_beng
041 _2eng
_aeng
082 _aQ4:23, K4;M0
100 _aBhattacharyya Benoytosh
_942031
245 0 _aIntroduction to Buddhist Esoterism
250 _a2nd
260 _aVaranasi
_bChowkhamba Sanskrit Series Office
_c1964
300 _a184p. illus
_ccm.
490 _aChowkhamba Sanskrit Studies V.XLVI
650 _aRELIGION
942 _hQ4:23, K4;M0
_cTEXL
_2CC
999 _c191197
_d191197